The awakening: an authoritative text, contexts, Criticism
Guardado en:
| Hovedforfatter: | |
|---|---|
| Format: | Bog |
| Sprog: | Undetermined |
| Udgivet: |
New York, Estados Unidos
W.W.Norton / Co.
1976
|
| Fag: | |
| Tags: |
Tilføj Tag
Ingen Tags, Vær først til at tagge denne postø!
|
MARC
| LEADER | 00000nam a2200000Ia 4500 | ||
|---|---|---|---|
| 008 | 170316s9999 xx 000 0 und d | ||
| 090 | |a 810 CH-3a | ||
| 100 | |a Chopin, Kate | ||
| 245 | 4 | |a The awakening: an authoritative text, contexts, Criticism | |
| 260 | |a New York, Estados Unidos | ||
| 260 | |b W.W.Norton / Co. | ||
| 260 | |c 1976 | ||
| 300 | |a 229 páginas | ||
| 650 | |a LITERATURA ESTADOUNIDENSE | ||
| 999 | |c 20935 |d 20935 | ||
| 040 | |a cru BVZT | ||
| 942 | |c 15 D |h 810 CH-3a |2 z | ||
